000
00335nam a22001457a 4500
008
230427b ||||| |||| 00| 0 eng d
020
_a
9780323297493
041
_a
eng
080
_2
5TH EDITION
_a
616.31
082
_a
616.31LAN
100
_a
12
101
_a
STOMAT
245
_a
DENTAL RADIOGRAPHY
_c
LANNUCCI.M.J
942
_2
udc
_c
BK
999
_c
59632
_d
59632